00466nam a22001697a 450000500170000001000130001702000260003003500130005603700190006908200060008810000180009424500420011226000520015427000450020630000230025149000220027420111209164819.0 aB-444574 a9781865044125c195.00 aB-444574 bBlueberry /Ven aS aRodda, Emily  aThe shifting sands /cby Emily Rodda  aLindfield NSWbScholastic Press c2007(repr.).  a345 Pacific HighwaybLindfield NSWe2070 a120p. c20cm(pbk)  aDeltora Quest 1:4